| 000 | 01294nam a2200313 i 4500 | ||
|---|---|---|---|
| 003 | EG-GICUC | ||
| 005 | 20260218093218.0 | ||
| 008 | 260112s1990 ua o|||fr|||| 00| 0 ara d | ||
| 040 |
_a EG-GICUC _bara _c EG-GICUC _d EG-GICUC _erda |
||
| 041 | 1 | _aAra | |
| 082 | 0 | 4 |
_221 _a343.62 _bف ا . م |
| 092 | 0 | 4 | _221 |
| 099 | _aLaw1 10 343.62 ف ا . م 1990 | ||
| 100 | 0 |
_aفادى عبدالرحيم الحبشى _eمؤلف. |
|
| 245 | 1 | 2 |
_aالمعاينة الفنية لمسرح الجريمة والتفتيش / _cتأليف العميد فادى عبدالرحيم الحبشى. |
| 264 | 1 |
_aالرياض : _bالمركز العربى للدراسات الأمنية والتدريب، _c1990. |
|
| 300 |
_a301 صفحة : _bصور؛ _c24 سم. |
||
| 336 |
_2rda content _atext |
||
| 337 |
_2rda media _aComputer |
||
| 338 |
_2rda carrier _aOnline Resource |
||
| 504 | _aببليوجرافيا: صفحات295. | ||
| 546 | _aالنص باللغة العربية | ||
| 650 | 1 |
_aالنظريات المفسرة للسلوك الإجرامي = العوامل الإجرامية بصفة عامة _2qrmak |
|
| 650 | 1 |
_aالقانون الجنائى _2qrmak |
|
| 651 | 1 | _2qrmak | |
| 856 | 4 | 0 | _uhttps://fll.law.cu.edu.eg/fulltext/bks/B10-07748.pdf |
| 905 | _a54 | ||
| 942 |
_2ddc _cBK _e21 _n0 |
||
| 999 |
_c56637 _d56637 |
||